000 00251nam a22000977a 4500
008 240902b |||||||| |||| 00| 0 eng d
020 _a9789354405495
100 _aModi Narendra
_97799
245 _aLetters To Self
260 _aNew Delhi
_bFingerprint
_c2022
999 _c12645
_d12645